Introduction to Finite Elements in Engineering (Record no. 132682)

000 -LEADER
fixed length control field 00417nam a2200145Ia 4500
008 - FIXED-LENGTH DATA ELEMENTS--GENERAL INFORMATION
fixed length control field 220120s9999||||xx |||||||||||||| ||und||
020 ## - INTERNATIONAL STANDARD BOOK NUMBER
International Standard Book Number 9780070611948
082 ## - DEWEY DECIMAL CLASSIFICATION NUMBER
Classification number 620.001 CHA
100 ## - MAIN ENTRY--PERSONAL NAME
Personal name Chandrupatla, Tirupathi R and Belegundu, Ashok D
245 #0 - TITLE STATEMENT
Title Introduction to Finite Elements in Engineering
250 ## - EDITION STATEMENT
Edition statement 3rd
260 ## - PUBLICATION, DISTRIBUTION, ETC.
Place of publication, distribution, etc. PHI
Name of publisher, distributor, etc. New Delhi
Date of publication, distribution, etc. 2012
300 ## - PHYSICAL DESCRIPTION
Extent xviii;789
Other physical details 450
650 ## - SUBJECT ADDED ENTRY--TOPICAL TERM
Topical term or geographic name entry element COMPUTER SCIENCE
Holdings
Withdrawn status Lost status Damaged status Not for loan Collection code Home library Current library Date acquired Barcode Date last seen Price effective from Koha item type
        Mechanical Engineering Central Library Central Library 01/20/2022 ST338 01/20/2022 01/20/2022 Scheduled Tribe Book Bank

Powered by Koha